Cakes and biscuits
| Main Author: | |
|---|---|
| Format: | Book |
| Published: |
England :
Wayland publishers limited ,
1990
|
| Subjects: |
MARC
| LEADER | 00000cam a2200000 7i4500 | ||
|---|---|---|---|
| 001 | 0000071783 | ||
| 005 | 20170329.0 | ||
| 008 | 170329 | ||
| 020 | |a 1852108959 | ||
| 090 | 0 | 0 | |a 641.845 |b MIL |
| 100 | 1 | |a Miller,Susanna | |
| 245 | 1 | 0 | |a Cakes and biscuits |c Susanna Miller |
| 260 | |a England : |b Wayland publishers limited , |c 1990 | ||
| 650 | 0 | |a Biscuits.cakes.biscuits and cakes | |
| 999 | |a 0000758081 |b Book |c Adult Collection |e Cawangan Pontian | ||
| 999 | |a 0000758092 |b Book |c Adult Collection |e Cawangan Bandar Penawar | ||
| 999 | |a 000758080 |b Book |c Children Collection |e Cawangan Batu Pahat | ||